| 000 | 00552nam a22001577a 4500 | ||
|---|---|---|---|
| 005 | 20250925142400.0 | ||
| 008 | 250925b |||||||| |||| 00| 0 eng d | ||
| 020 | _a9780122608339 | ||
| 050 | _aRS160 PRO | ||
| 245 |
_aProfiles of Drug Substances, Excipients, and Related Methodology/ _bVolume 33 _cedited by Harry G. Brittan , volume 33 authored by Richard J. Prankerd |
||
| 260 |
_aAmsterdam _bElsevier/Academic Press _c2007 |
||
| 300 |
_axiv. 726p. _bill. _c24.5cm |
||
| 700 | _aBrittan, Harry G. | ||
| 700 | _aPrankerd, Richard J. | ||
| 942 |
_2lcc _cBK _n0 |
||
| 999 |
_c7723 _d7723 |
||